Business Sutra (Record no. 12237)

MARC details
000 -LEADER
fixed length control field 00336nam a22001457a 4500
003 - CONTROL NUMBER IDENTIFIER
control field OSt
008 - FIXED-LENGTH DATA ELEMENTS--GENERAL INFORMATION
fixed length control field 240224b |||||||| |||| 00| 0 eng d
020 ## - INTERNATIONAL STANDARD BOOK NUMBER
International Standard Book Number 9789384067560
100 ## - MAIN ENTRY--PERSONAL NAME
Personal name DEVDUTT,Pattanaik
245 ## - TITLE STATEMENT
Title Business Sutra
250 ## - EDITION STATEMENT
Edition statement 1st Ed
260 ## - PUBLICATION, DISTRIBUTION, ETC. (IMPRINT)
Place of publication, distribution, etc New Delhi
Name of publisher, distributor, etc Aleph Publishers
Date of publication, distribution, etc 2015
300 ## - PHYSICAL DESCRIPTION
Extent 435
942 ## - ADDED ENTRY ELEMENTS (KOHA)
Source of classification or shelving scheme Dewey Decimal Classification
Koha item type Text Books
Holdings
Withdrawn status Lost status Source of classification or shelving scheme Damaged status Not for loan Collection code Home library Current library Date acquired Source of acquisition Currency Cost, normal purchase price Bill Number Total Checkouts Full call number Acc. no. / Barcode Date last seen Actual Cost, discounted price Bill Date Koha item type
    Dewey Decimal Classification     GENERAL PIET C-LIBRARY PIET C-LIBRARY 08/02/2024 Zafaa Books and Distributors In rupees 799.00 ZBD0370   658.001 PAB 35523 24/02/2024 559.30 08/02/2024 Reference Books
    Dewey Decimal Classification     GENERAL PIET C-LIBRARY PIET C-LIBRARY 08/02/2024 Zafaa Books and Distributors In rupees 799.00 ZBD0370   658.001 PAB 35524 24/02/2024 559.30 08/02/2024 Text Books

Design & Developed by: PIET Central Library
R70 Miles Stone Pattikalyana Samalkha Panipat 132102
mail ID :- [email protected], Phone No:- 0180-2569700 Ex.216